000
00248 a2200097 4500
001
15984
100
_a
Cho Chin K
245
_a
An introduction to software quality control
260
_a
New York
_b
A wiley interscience pub
_c
090
_c
12392
_d
12392
942
_a
NUST-CAE
_c
M
_c
2661
999
_c
251057
_d
251057